European Mountain Ranges on the Map - Statistics

General Stats
  • This quiz has been taken 1,576 times
    1,351 since last reset
  • The average score is 6 of 10
Answers on the Map
Answers color-coded by a green-red scale on the quiz's map according to % correct below.
 
Answer Stats
Elevation (ft) Highest Peak Mountain Range % Correct
15,780 Mont Blanc Alps
98%
6,217 Mt. Narodnaya Ural Mountains
88%
11,168 Aneto Pyrenees
81%
18,510 Mt. Elbrus Caucasus Mountains
77%
8,711 Gerlachovský štít Carpathian Mountains
71%
8,100 Galdhøpiggen Scandinavian Mountains
47%
9,554 Corno Grande Apennines
46%
7,795 Botev Peak Balkan Mountains
44%
8,839 Jezerski vrh Dinaric Alps
29%
4,413 Ben Nevis Grampian Mountains
16%
No matching quizzes found
Score Distribution
Percent of People with Each Score
Percentile by Number Answered
Your Score History
You have not taken this quiz since the last reset